Nature et spiritualité: méditations sur les plantes et les arbres
| Main Author: | |
|---|---|
| Format: | Print Book |
| Language: | French |
| Subito Delivery Service: | Order now. |
| Check availability: | HBZ Gateway |
| Book acquisition: | Drawer...
|
| Interlibrary Loan: | Interlibrary Loan for the Fachinformationsdienste (Specialized Information Services in Germany) |
| Published: |
Saint-Ouen
le Relais
cop. 2015
|
| In: | Year: 2017 |
| RelBib Classification: | BJ Islam |
| Further subjects: | B
Plantes, Aspect religieux, Islam
B Nature, Dans le Coran |
MARC
| LEADER | 00000cam a22000002c 4500 | ||
|---|---|---|---|
| 001 | 1641862246 | ||
| 003 | DE-627 | ||
| 005 | 20251225204542.0 | ||
| 007 | tu | ||
| 008 | 180906s2017 fr ||||| 00| ||fre c | ||
| 020 | |a 9782917850190 |c br : 11 EUR |9 978-2-917850-19-0 | ||
| 024 | 3 | |a 9782917850190 | |
| 035 | |a (DE-627)1641862246 | ||
| 035 | |a (DE-576)510755178 | ||
| 035 | |a (DE-599)BSZ510755178 | ||
| 035 | |a (BNF)01757416 | ||
| 040 | |a DE-627 |b ger |c DE-627 |e rda | ||
| 041 | |a fre | ||
| 044 | |c XA-FR | ||
| 082 | 0 | |a 297.265 | |
| 100 | 1 | |a Ramadan, Hani |e VerfasserIn |4 aut | |
| 192 | |a 1 | ||
| 245 | 1 | 0 | |a Nature et spiritualité |b méditations sur les plantes et les arbres |c Hani Ramadan |
| 264 | 1 | |a Saint-Ouen |b le Relais |c cop. 2015 | |
| 300 | |a 1 vol. (158 p.) |b ill. |c 22 cm | ||
| 336 | |a Text |b txt |2 rdacontent | ||
| 337 | |a ohne Hilfsmittel zu benutzen |b n |2 rdamedia | ||
| 338 | |b nc |2 rdacarrier | ||
| 601 | |a Spiritual | ||
| 650 | 4 | |a Plantes, Aspect religieux, Islam | |
| 650 | 4 | |a Nature, Dans le Coran | |
| 652 | |a BJ | ||
| 935 | |a mteo | ||
| 951 | |a BO | ||
| ELC | |b 1 | ||
| LOK | |0 000 xxxxxcx a22 zn 4500 | ||
| LOK | |0 001 3305243139 | ||
| LOK | |0 003 DE-627 | ||
| LOK | |0 004 1641862246 | ||
| LOK | |0 005 20191004081638 | ||
| LOK | |0 008 171107||||||||||||||||ger||||||| | ||
| LOK | |0 040 |a DE-Tue135 |c DE-627 |d DE-Tue135 | ||
| LOK | |0 092 |o n | ||
| LOK | |0 852 |a DE-Tue135 | ||
| LOK | |0 852 1 |9 00 | ||
| LOK | |0 866 |x 6700 maschinelles Mapping DDC 297.265 [297 in Mappingtabelle] >> IxTheo-Klassifikation !1442043539! | ||
| LOK | |0 935 |a ixbt | ||
| LOK | |0 936ln |0 1442043539 |a BJ | ||
| LOK | |0 939 |a 07-11-17 |b l01 | ||
| ORI | |a SA-MARC-ixtheoa001.raw | ||
| REL | |a 1 | ||
| SUB | |a REL | ||



